ARRUPE JESUIT UNIVERSITY

CORONAVIRUS -STOP THE SPREAD - CLEAN,DISINFECT,COVER

111 questions on Islam : (Record no. 118998)

MARC details
000 -LEADER
fixed length control field 01512cam a2200385 a 4500
001 - CONTROL NUMBER
control field 14649777
003 - CONTROL NUMBER IDENTIFIER
control field ARRUPE
005 - DATE AND TIME OF LATEST TRANSACTION
control field 20131203172340.0
008 - FIXED-LENGTH DATA ELEMENTS--GENERAL INFORMATION
fixed length control field 061129s2008 cau b 001 0 eng d
010 ## - LIBRARY OF CONGRESS CONTROL NUMBER
LC control number 2006939361
020 ## - INTERNATIONAL STANDARD BOOK NUMBER
International Standard Book Number 9781586171551 (pbk.)
020 ## - INTERNATIONAL STANDARD BOOK NUMBER
International Standard Book Number 1586171550 (pbk.)
035 ## - SYSTEM CONTROL NUMBER
System control number (OCoLC)ocn229030066
040 ## - CATALOGING SOURCE
Original cataloging agency BTCTA
Transcribing agency BTCTA
Modifying agency BAKER
-- YDXCP
-- BWX
-- IUP
-- PUL
-- DLC
041 1# - LANGUAGE CODE
Language code of text/sound track or separate title eng
Language code of original and/or intermediate translations of text ita
042 ## - AUTHENTICATION CODE
Authentication code lccopycat
050 00 - LIBRARY OF CONGRESS CALL NUMBER
Classification number BP161.3
Item number .A15 2008
082 00 - DEWEY DECIMAL CLASSIFICATION NUMBER
Classification number 297
Edition number 22
300 ## - PHYSICAL DESCRIPTION
Dimensions 21 cm.
245 00 - TITLE STATEMENT
Title 111 questions on Islam :
Remainder of title Samir Khalil Samir, S.J. on Islam and the West : a series of interviews conducted by Giorgio Paolucci and Camille Eid /
Statement of responsibility, etc edited and translated by Father Wafik Nasry, S.J. ; co-translator, Claudia Castellani.
250 ## - EDITION STATEMENT
Edition statement English ed.
260 ## - PUBLICATION, DISTRIBUTION, ETC. (IMPRINT)
Place of publication, distribution, etc San Francisco :
Name of publisher, distributor, etc Ignatius Press,
Date of publication, distribution, etc c2008.
300 ## - PHYSICAL DESCRIPTION
Extent 265 p. ;
500 ## - GENERAL NOTE
General note Original Italian edition: Cento domande sull'Islam: Intervista a Samir Khalil Samir, c2002.
504 ## - BIBLIOGRAPHY, ETC. NOTE
Bibliography, etc Includes bibliographical references (p. 241-245) and index.
650 #0 - SUBJECT ADDED ENTRY--TOPICAL TERM
Topical term or geographic name as entry element Islam
General subdivision Doctrines.
9 (RLIN) 4863
650 #0 - SUBJECT ADDED ENTRY--TOPICAL TERM
Topical term or geographic name as entry element Islam
General subdivision History.
9 (RLIN) 4864
700 1# - ADDED ENTRY--PERSONAL NAME
Personal name Samir, Khalil.
9 (RLIN) 4865
700 1# - ADDED ENTRY--PERSONAL NAME
Personal name Paolucci, Giorgio.
9 (RLIN) 4866
700 1# - ADDED ENTRY--PERSONAL NAME
Personal name Eid, Camille.
9 (RLIN) 4867
700 1# - ADDED ENTRY--PERSONAL NAME
Personal name Nasry, Wafik.
9 (RLIN) 4868
700 1# - ADDED ENTRY--PERSONAL NAME
Personal name Castellani, Claudia.
9 (RLIN) 4869
906 ## - LOCAL DATA ELEMENT F, LDF (RLIN)
a 7
b cbc
c copycat
d 2
e ncip
f 20
g y-gencatlg
942 ## - ADDED ENTRY ELEMENTS (KOHA)
Source of classification or shelving scheme Library of Congress Classification
Koha item type Monograph ( Printed materials)
Holdings
Withdrawn status Lost status Source of classification or shelving scheme Damaged status Not for loan Home library Current library Shelving location Date acquired Total Checkouts Full call number Barcode Date last seen Date checked out Price effective from Koha item type
    Library of Congress Classification     ARRUPE LIBRARY ARRUPE LIBRARY Main Collection 03/12/2013 5 BP161.3 .A15 2008 464123677 26/11/2018 31/10/2018 03/12/2013 Monograph ( Printed materials)
    Library of Congress Classification     ARRUPE LIBRARY ARRUPE LIBRARY Main Collection 03/12/2013 9 BP161.3 .A15 2008 464123676 26/03/2019 21/12/2018 03/12/2013 Monograph ( Printed materials)

 

Arrupe Library. PO Box MP320 Mt Pleasant, Harare, Zimbabwe
263 242 745411|librarian@aju.ac.zw